Septuaginta: Id est Vetus Testamentum graece iuxta LXX interpretes
Guardat en:
| Altres autors: | , |
|---|---|
| Format: | Llibre |
| Idioma: | Grec antic |
| Publicat: |
Stuttgart
Deutsche Bibelgesellschaft
2016
|
| Edició: | Editio altera. |
| Matèries: | |
| Etiquetes: |
Afegir etiqueta
Sense etiquetes, Sigues el primer a etiquetar aquest registre!
|
MARC
| LEADER | 00000cam a2200000 a 4500 | ||
|---|---|---|---|
| 001 | UCC4351 | ||
| 003 | CL-VaPUC | ||
| 005 | 20231121091902.0 | ||
| 008 | 180727e20160000gw |||||||||||||||||grc|d | ||
| 999 | |c 371903 |d 371901 | ||
| 020 | |a 9783438051196 | ||
| 040 | |c Pontificia Universidad Católica de Valparaíso | ||
| 082 | 0 | 4 | |a 221.48 |b RAH |2 21 |
| 100 | 0 | |a Rahfls, Alfred |e editor |9 598571 | |
| 245 | 1 | 0 | |a Septuaginta: Id est Vetus Testamentum graece iuxta LXX interpretes |
| 250 | |a Editio altera. | ||
| 260 | |a Stuttgart |b Deutsche Bibelgesellschaft |c 2016 | ||
| 300 | |a LXXVI, 941 páginas. | ||
| 500 | |a Duo volumina in uno. | ||
| 583 | |a last modification |c 20180727 12:54:00 |k Rodrigo Vera | ||
| 650 | 0 | |a Biblia |9 257603 | |
| 650 | 0 | |a Antiguo testamento |9 313678 | |
| 650 | 7 | |a TEXTOS GRIEGOS |2 CL-VaPUC |9 399082 | |
| 650 | 0 | |a Exégesis |9 365279 | |
| 700 | 0 | |a Hanhart, Robert |e recognitum et emendatum |9 598572 | |
| 942 | |c BK |2 ddc | ||
| 945 | |d 20180727 12:54:00 |a dcastane | ||
| 952 | |0 0 |1 0 |3 erd |4 0 |6 221_480000000000000_RAH_2016 |7 0 |8 A |9 489109 |a BIBTEO |b BIBTEO |i 5483891 |l 8 |m 1 |o 221.48 RAH 2016 |p 5483891 |r 2025-01-17 |s 2024-08-22 |w 2019-11-24 |y BK |z Catalogado en:20180727 |k ICR | ||
| 952 | |0 0 |1 0 |2 ddc |4 0 |6 221_480000000000000_RAH_2016 |7 0 |8 A |9 592472 |a BIBTEO |b BIBTEO |d 2023-11-13 |e 8 |g 63000.00 |i 5659480 |o 221.48 RAH 2016 |p 5659480 |r 2025-01-17 |t 2 |v 63000.00 |w 2023-11-13 |y BK |k ICR | ||